Campeones de la Liga Europa de la UEFA - Estadísticas

Estadísticas generales
  • Esta prueba ha sido intentada 569 veces
    257 desde el último reinicio
  • La puntuación promedio es 37 de 54
Estadísticas de respuestas
Temporada Campeón % Correcto
2005-06 Sevilla F. C.
97%
2006-07 Sevilla F. C.
97%
2013-14 Sevilla F. C.
97%
2014-15 Sevilla F. C.
97%
2015-16 Sevilla F. C.
97%
2019-20 Sevilla F. C.
97%
2022-23 Sevilla F. C.
97%
1994-95 Parma F. C.
93%
1998-99 Parma F. C.
93%
2016-17 Manchester United F. C.
90%
1984-85 Real Madrid C. F.
89%
1985-86 Real Madrid C. F.
89%
2009-10 Atlético de Madrid
86%
2011-12 Atlético de Madrid
86%
2017-18 Atlético de Madrid
86%
2012-13 Chelsea F. C.
85%
2018-19 Chelsea F. C.
85%
1971-72 Tottenham Hotspur F. C.
85%
1983-84 Tottenham Hotspur F. C.
85%
2024-25 Tottenham Hotspur F. C.
85%
1972-73 Liverpool F. C.
83%
1975-76 Liverpool F. C.
83%
2000-01 Liverpool F. C.
83%
1990-91 F. C. Internazionale
82%
1993-94 F. C. Internazionale
82%
1997-98 F. C. Internazionale
82%
1976-77 Juventus F. C.
78%
1989-90 Juventus F. C.
78%
1992-93 Juventus F. C.
78%
2020-21 Villarreal C. F.
73%
2023-24 Atalanta B. C.
72%
1995-96 F. C. Bayern
71%
2003-04 Valencia C. F.
71%
1979-80 Eintracht Frankfurt
67%
2021-22 Eintracht Frankfurt
65%
2002-03 F. C. Porto
61%
2010-11 F. C. Porto
61%
1991-92 A. F. C. Ajax
55%
1977-78 P. S. V. Eindhoven
51%
1988-89 S. S. C. Napoli
49%
1987-88 Bayer Leverkusen
46%
2001-02 Feyenoord Rotterdam
46%
1973-74 S. C. Feyenoord
46%
1999-00 Galatasaray S. K.
45%
2007-08 F. K. Zenit
44%
2004-05 P. F. K. CSKA Moskvá
32%
1974-75 Borussia VfL Mönchengladbach
27%
1978-79 Borussia VfL Mönchengladbach
27%
1982-83 R. S. C. Anderlecht
27%
2008-09 F. K. Shajtar Donetsk
24%
1996-97 F. C. Gelsenkirchen-Schalke
22%
1980-81 Ipswich Town F. C.
22%
1981-82 I. F. K. Göteborg
17%
1986-87 I. F. K. Göteborg
17%
No se encontraron pruebas coincidentes
Distribución de puntuación
Porcentaje de gente con cada puntuación
Porcentaje por número respondido
Historial de tus puntuaciones
No has intentado esta prueba desde el último reinicio